000 00299nam a2200109Ia 4500
008 171211s9999 xx 000 0 und d
245 _aComplete Body Development with Dumbbells
245 _cMark McKown
260 _c2002
650 _xitness
856 _uhttp://down.ebook777.com/063/1841260878.pdf
999 _c348861
_d348861